When Did They Last Make The World Cup? - Statistics

General Stats
  • This quiz has been taken 24 times
    2 since last reset
  • The average score is 57 of 88
Answer Stats
Hint Answer % Correct
Russia 2018
100%
Poland 2022
100%
Wales 2022
100%
Costa Rica 2022
100%
Brazil 2026
100%
Argentina 2026
100%
Mexico 2026
100%
France 2026
100%
Uruguay 2026
100%
United States 2026
100%
Paraguay 2026
100%
Germany 2026
100%
Spain 2026
100%
Switzerland 2026
100%
Sweden 2026
100%
Netherlands 2026
100%
Czech Republic 2026
100%
Austria 2026
100%
Egypt 2026
100%
Norway 2026
100%
England 2026
100%
South Korea 2026
100%
Turkey 2026
100%
Scotland 2026
100%
Colombia 2026
100%
Portugal 2026
100%
Morocco 2026
100%
Australia 2026
100%
D.R.Congo 2026
100%
Iran 2026
100%
Tunisia 2026
100%
Algeria 2026
100%
New Zealand 2026
100%
Canada 2026
100%
Iraq 2026
100%
Saudi Arabia 2026
100%
Japan 2026
100%
Croatia 2026
100%
South Africa 2026
100%
Ecuador 2026
100%
Senegal 2026
100%
Ivory Coast 2026
100%
Bosnia and Herzegovina 2026
100%
Qatar 2026
100%
Uzbekistan 2026
100%
Jordan 2026
100%
Cape Verde 2026
100%
Curaçao 2026
100%
Northern Ireland 1986
50%
Bulgaria 1998
50%
Angola 2006
50%
Togo 2006
50%
Trinidad and Tobago 2006
50%
North Korea 2010
50%
Slovenia 2010
50%
Italy 2014
50%
Greece 2014
50%
Iceland 2018
50%
Cameroon 2022
50%
Serbia 2022
50%
Belgium 2026
50%
Haiti 2026
50%
Denmark 2026
50%
Ghana 2026
50%
Panama 2026
50%
Cuba 1938
0%
Indonesia (Dutch East Indies) 1938
0%
Israel 1970
0%
East Germany 1974
0%
El Salvador 1982
0%
Kuwait 1982
0%
Hungary 1986
0%
Yugoslavia 1990
0%
Czechoslovakia 1990
0%
Soviet Union 1990
0%
West Germany 1990
0%
United Arab Emirates 1990
0%
Bolivia 1994
0%
Romania 1998
0%
Jamaica 1998
0%
Ireland 2002
0%
China 2002
0%
Ukraine 2006
0%
Slovakia 2010
0%
Chile 2014
0%
Honduras 2014
0%
Peru 2018
0%
Nigeria 2018
0%
No matching quizzes found
Score Distribution
Percent of People with Each Score
Percentile by Number Answered
Your Score History
You have not taken this quiz since the last reset